Welcome to the Holygrace Academy Library

Please use search bar below to get started

THE GREAT SQUIRREL (Record no. 4940)

MARC details
000 -LEADER
fixed length control field 00309nam a22001337a 4500
020 ## - INTERNATIONAL STANDARD BOOK NUMBER
ISBN 0-7214-1946-1
082 ## - DEWEY DECIMAL CLASSIFICATION NUMBER
Classification number 823
Item number TAY/ G
100 ## - MAIN ENTRY--AUTHOR NAME
Personal name TAYLOR, GERALDINE
245 ## - TITLE STATEMENT
Title THE GREAT SQUIRREL
260 ## - PUBLICATION, DISTRIBUTION, ETC. (IMPRINT)
Place of publication ENGLAND
Name of publisher LADYBIRD
520 ## - SUMMARY, ETC.
Summary, etc ENGLISH SHORT STORY
650 ## - SUBJECT ADDED ENTRY--TOPICAL TERM
Topical Term ENGLISH SHORT STORY
Geographic subdivision UK
942 ## - ADDED ENTRY ELEMENTS (KOHA)
Koha item type Books
Holdings
Withdrawn status Lost status Collection code Home library Current library Shelving location Date acquired Source of acquisition Full call number Accession Number Koha item type
    Fiction Main Library Main Library SHELF-3-H-LADYBIRD STORY BOOKS 28/03/2015 PURCHASE 823 TAY/ G 08345 Books